Los 10 coches más rápidos del mundo en orden - Estadísticas

Estadísticas generales
  • Esta prueba ha sido intentada 225 veces
  • La puntuación promedio es 3 de 10
Estadísticas de respuestas
Imagen Hint Respuesta % Correcto
9. 208 MPH McLaren Senna
79%
3. 300 MPH Koenigsegg Jesko
65%
7. 250 MPH Aston Martin Valkyrie
50%
4. 278 MPH Koenigsegg Agera RS
35%
1. 301 MPH Hennessey Venom F5
30%
5. 268 MPH Bugatti Veyron Super Sport
28%
2. 300 MPH SSC Tuatara
25%
6. 261 MPH Bugatti Chiron Sport
20%
8. 212 MPH Chevrolet Corvette ZR1
7%
10. 207 MPH Bentley Continental GT W12
1%
No se encontraron pruebas coincidentes
Distribución de puntuación
Porcentaje de gente con cada puntuación
Porcentaje por número respondido
Historial de tus puntuaciones
No has intentado esta prueba.